| 000 | 00000nam 2200000za 4500 |
| 001 | 9.593918 |
| 003 | CaOODSP |
| 005 | 20221107134131 |
| 007 | cr ||||||||||| |
| 008 | 150406s2001||||xxc ||||o f000 0 fre d |
| 040 | |aCaOODSP|bfre |
| 043 | |an-cn--- |
| 086 | 1 |aYM32-5/01-7F-PDF |
| 100 | 1 |aRossignol, Michel. |
| 245 | 10|aProtection des infrastructures essentielles et protection civile |h[ressource électronique] / |cMichel Rossignol. |
| 260 | |a[Ottawa] : |bDirection de la recherche parlementaire, Bibliothèque du Parlement, |c2001. |
| 300 | |a[3] p. |
| 490 | 1 |aEn bref ;|vPRB 01-7F |
| 500 | |a« Le 28 juin 2001. » |
| 500 | |aTitre de depart. |
| 500 | |aPublié aussi en anglais sous le titre : Critical infrastructure protection and emergency preparedness. |
| 590 | |a07-01-Supp|b2007-01-31 |
| 691 | 07|aProtection civile|2gcpds |
| 710 | 1 |aCanada.|bBibliothèque du Parlement. |bDirection de la recherche parlementaire. |
| 775 | 08|tCritical infrastructure protection and emergency preparedness / |w(CaOODSP)9.561315 |
| 830 | #0|aEn bref (Canada. Direction de la recherche parlementaire : En ligne)|vPRB 01-7F|w(CaOODSP)9.829002 |
| 856 | 40|ahttp://publications.gc.ca|qPDF|s93 Ko|uhttps://publications.gc.ca/collections/Collection-R/LoPBdP/EB-f/prb017-f.pdf|yPRB 01-7F |